000
00327nam a22001337a 4500
008
170904b xxu||||| |||| 00| 0 eng d
020
_a
9780805304398
041
_a
eng
080
_2
5TH
_a
070
100
_a
40
101
_a
MED
245
_a
VISUAL GUIDE TO THE CAMPBELL MEDIA MANAGER FOR BIOLOGY
_c
CAMPBELL
942
_2
udc
_c
BK
999
_c
26026
_d
26026